Таємнича історія Біллі Міллігана (Запис № 17773)
[ простий вигляд ]
| 000 -Маркер запису | |
|---|---|
| Контрольне поле сталої довжини | 01952nam a22002657a 4500 |
| 003 - Належність контрольного номера | |
| Контрольне поле | Uzh_bibl |
| 008 - Кодовані дані | |
| Контрольне поле сталої довжини | 260515b |||||||| |||| 00| 0 ukr d |
| 020 ## - Індекс ISBN | |
| ISBN | 978-617-12-0857-5 |
| Ціна | 90.00 |
| 040 ## - Джерело каталогіз. | |
| Код мови каталог. | укр. |
| 041 ## - Код мови видання | |
| Код мови оригіналу | англійська |
| Код мови тексту | українська |
| 080 ## - Індекс УДК | |
| Індекс УДК | 821(73) |
| 090 ## - Шифри | |
| Поличний індекс | 821(73) |
| Авторський знак | К 38 |
| 100 ## - Автор | |
| Автор | Кіз,Деніел |
| 245 ## - Назва | |
| Назва | Таємнича історія Біллі Міллігана |
| Відповідальність | пер. з англ. О. Стусенко. |
| Фізичний носій | Текст |
| 260 ## - Вихідні дані | |
| Місце видання | Харків |
| Видавництво | Книжковий Клуб "Клуб Сімейного Дозвілля" |
| Дата видання | 2019 |
| 300 ## - Фізичний опис | |
| Обсяг | 512 с. |
| Тип одиниці | В опр. |
| 490 ## - Серія | |
| № тому | 3-тє вид. |
| 520 ## - Анотація | |
| Анотація | Цього ранку він прокинувся від того, що лягаві вдерлися в будинок і звинуватили у зґвалтуванні трьох жінок. Але він упевнений, що не робив цього! Принаймні не пам’ятає. Але чому? Можливо, якась із двадцяти трьох особистостей, що мешкали у його свідомості, замовчувала цей факт? Психіатри ще не стикалися з такою хворобою. Чи скоїв Мілліган усі ці злочини, чи він талановитий актор, який пошив усю Америку в дурні? Таємнича історія заснована на реальних подіях. Деніел Кіз особисто спілкувався з Біллі, а також з усіма, хто був причетний до цієї справи. |
| 521 ## - Примітка про цільове призначення | |
| Примітка про цільове призначення | Для широкого кола читачів |
| 546 ## - Примітка про мову | |
| Примітка про мову | укр. |
| 650 ## - Тематичні рубрики | |
| Основна рубрика | Літературно-художнє видання |
| 653 ## - Ключові слова | |
| Ключові слова | Злочини |
| -- | Дивна історія |
| -- | Свідомість людини |
| 655 ## - Термін індексування — жанр/форма | |
| Жанр/форма | Проза |
| Типове ділення | Роман |
| 942 ## - ADDED ENTRY ELEMENTS (KOHA) | |
| Джерело класифікації чи схема поличного розташування | |
| Koha item type | Книги |
| Статус вилучення | Статус втрати/відсутності | Джерело класифікації чи схема поличного розташування | Статус пошкодження | Тип обігу (не для випозичання) | Постійне розташування | Поточне розташування | Розташування у відділі | Дата надходження | Інвентарний номер | Total Checkouts | Повний (примірниковий) шифр зберігання | Штрих-код | Date last seen | Дата, для якої чинна ціна заміни | Тип одиниці (рівень примірника) |
|---|---|---|---|---|---|---|---|---|---|---|---|---|---|---|---|
| Бібліотека-філія №3 | Бібліотека-філія №3 | Абонемент старший відділ | 15/05/2026 | 71730 | 821(73) | 4219 | 15/05/2026 | 15/05/2026 | Книги |